00357nam a2200133 a 450000500170000000800410001702000180005805000230007610000180009924500520011726000320016930000090020165000130021020140412111257.0100122s19uu xx 00 eng d a0-590-45160-x aM 325.31bM11 1964 aMcGovern, Ann aIf you lived in Colonial Times /cAnn McGovern. aU.S.A :bScholastic,c1964. a80p. aColonies